| 000 | 00574nam a2200181Ia 4500 | ||
|---|---|---|---|
| 008 | 100920s9999 xx 000 0 und d | ||
| 082 |
_b99351 _a24 न 06 |
||
| 100 | _aझाड राजेंद्र. | ||
| 245 | _aआरोग्य संपदा. | ||
| 260 |
_bयशोदा प्रकाशन ,रत्नागिरी. _c2006 |
||
| 300 |
_a61 _bसाधी |
||
| 365 | _b50 | ||
| 520 | _aसायो. | ||
| 630 | _aआरोग्य संपदा. | ||
| 650 | _aसायो. | ||
| 730 | _aआरोग्य संपदा. | ||
| 942 | _cBOOK | ||
| 999 |
_c739789 _d739786 |
||